HUMAN RIGHTS IN ISLAM AND REFUTATION OF THE MISCONCEIVED ALLEGATIONS ASSOCIATED WITH THESE RIGHTS / (Record no. 7056)
[ view plain ]
| 000 -الفاتح | |
|---|---|
| حقل البيانات ثابتة الطول | 00597nam a2200181Ia 4500 |
| 008 - عناصر البيانات ثابتة الطول - معلومات عامة | |
| حقل البيانات ثابتة الطول | 140319s9999 xx 000 0 eng d |
| 040 ## - مصدر الفهرسة | |
| وكالة الفهرسة الأصلية | GCL / |
| وكالة النسخ | GCL |
| 082 04 - رقم تصنيف ديوى العشرى | |
| رقم التصنيف | 291.1772 |
| رقم المادة | S H |
| 100 1# - المدخل الرئيسى - إسم شخصى | |
| الإسم الشخصى | SULIEMAN ABDUL RAHMAN AL HAGEEL |
| 245 10 - بيان العنوان | |
| العنوان | HUMAN RIGHTS IN ISLAM AND REFUTATION OF THE MISCONCEIVED ALLEGATIONS ASSOCIATED WITH THESE RIGHTS / |
| بيان المسئوليه,etc | SULIEMAN ABDUL RAHMAN AL HAGEEL |
| 260 ## - PUBLICATION, DISTRIBUTION, ETC. (IMPRINT) | |
| تاريخ النشر أو التوزيع | 1999 |
| 300 ## - الوصف المادى | |
| التعداد | 24 CM ؛ |
| أبعاد الوعاء | 180 P |
| 650 04 - المدخل الاضافى بالموضوع-مصطلح موضوعى | |
| مصطلح موضوعي | HUMAN RIGHTS |
| 650 04 - المدخل الاضافى بالموضوع-مصطلح موضوعى | |
| مصطلح موضوعي | CIVIL RIGHTS |
| 650 04 - المدخل الاضافى بالموضوع-مصطلح موضوعى | |
| مصطلح موضوعي | ISLAM AND HUMANISM |
| 942 ## - عناصر المدخل الإضافي( كوها) | |
| مصدر التصنيف او مخطط الترفيف | Dewey Decimal Classification |
| Koha [default] item type | كتاب |
| 260 ## - PUBLICATION, DISTRIBUTION, ETC. (IMPRINT) | |
| -- | الرياض : |
| -- | KING ABDULAZIZ UNIVERSITY ، |
| حالة التراجع | حالة الفقد | حالة تلف | ليس للاعارة | المكان المؤقت | الموقع الحالى | تاريخ الاكتساب | اجمالي اﻻعارات | رقم الطلب | الباركود | تاريخ اخر مشاهدة | تاريخ تفعيل السعر | نوع وعاء كوها |
|---|---|---|---|---|---|---|---|---|---|---|---|---|
| مكتبة القاهرة الكبرى | مكتبة القاهرة الكبرى | 03/26/2014 | 291.1772\S H | 14700 | 03/26/2014 | 03/26/2014 | كتاب |

